000 009630am a2200265 004500
003 EG-GiCUC
008 080310s2003 ua a f 000 0 ara d
017 _a2002 / 18678
_bمصر.دار الكتب
020 _a977270756x
040 _aEG-GiCUC
_bara
_cEG-GiCUC
092 0 4 _a363.234
_bR8961
_221
099 _a04
_a363.234 R8961
100 1 _aالروبى : سراج الدين
245 1 2 _aمحاضر الشرطة و تقاريرها /
_cسراج الدين الروبى
250 _aط2
260 _aالقاهرة :
_bالدار المصرية اللبنانية :
_c2002
300 _a307ص ؛
_c24سم
504 _aيشتمل على ارجاعات ببليوجرافية (ص296-297)
650 7 _aالشرطة
_xتقارير
_2qrmak
902 _a1
905 _aايمان ع
_eمراجع
905 _aجمال
_eمدخل
942 _2ddc
_cBK
999 _c99172
_d99172